| 000 | 00964nam a2200289 i 4500 | ||
|---|---|---|---|
| 001 | 18629 | ||
| 003 | ES-MaACL | ||
| 005 | 20250901062700.0 | ||
| 007 | t| | ||
| 008 | 011030s2001 sp ||||1| spa d | ||
| 020 | _a84-88788-41-X | ||
| 080 | _a791.44 | ||
| 100 | 1 |
_aRabiger, Michael. _994863 |
|
| 245 | 1 | 0 |
_aDirección de documentales / _cMichael Rabiger ; [traducción, Mª Luisa de Diego Morejón]. |
| 250 | _a2ª ed. | ||
| 260 |
_aMadrid : _bInstituto Oficial de Radio y Televisión, _c2001. |
||
| 300 |
_a579 p. : _bil. ; _c24 cm. |
||
| 490 | 1 | _aManuales profesionales | |
| 504 | _aBibliografía: p. 573-579. | ||
| 650 | 1 | 4 |
_aCine- _xProducción y dirección. _911030 |
| 650 | 4 |
_aDocumentales. _9142916 |
|
| 700 | 1 |
_aDiego Morejón, Mª Luisa de. _944568 |
|
| 710 | 2 |
_aInstituto Oficial de Radio y Televisión (España) _95202 |
|
| 830 | 1 |
_aManuales profesionales _9182022 |
|
| 852 |
_aES-MaACL _jL-25192 |
||
| 999 |
_c18629 _d18629 |
||